000 00562cam a22002171 4500
001 af 49000013
003 DLC
005 20260227110913.0
008 860308s1944 gw 000 0 ger c
010 _aaf 49000013
035 _a(OCoLC)13273105
040 _aWisconsin. Univ. Libr.
_cTxHR
_dDLC
042 _apremarc
050 0 0 _aPT2625.E62
_bZ3
082 _a833.91
100 1 _aMeschendörfer, Adolf,
_d1877-
245 1 0 _aZauber der Heimat.
260 _aJena,
_bE. Diederichs
_c[1944]
300 _a77 p.
_c19 cm.
440 0 _aDeutsche Reihe,
_vBd. 141
999 _c6453
_d6453